Los "tapes" de Anderson (Registro nro. 18323)

Detalles MARC
000 -CABECERA
Longitud fija campo de control 00702nam a2200229 a 4500
001 - NÚMERO DE CONTROL
Número de control ES-MaREB00717196-1
003 - IDENTIFICADOR DELl NÚMERO DE CONTROL
Identificador del número de control ES-MaREB
005 - FECHA Y HORA DE LA ÚLTIMA TRANSACCIÓN
Fecha y hora de la última transacción 20150209104333.0
008 - CÓDIGOS DE INFORMACIÓN DE LONGITUD FIJA
Códigos de información de longitud fija 050824s1972 arg spa d
040 ## - FUENTE DE LA CATALOGACIÓN
Centro transcriptor BMC
082 ## - NÚMERO DE LA CLASIFICACIÓN DECIMAL DEWEY
Númeroo de clasificación 813.5
100 1# - PUNTO DE ACCESO PRINCIPAL-NOMBRE DE PERSONA
Nombre de persona Sanders, Lawrence
9 (RLIN) 30974
Fechas asociadas al nombre 1920-1998
245 15 - MENCIÓN DE TÍTULO
Título Los "tapes" de Anderson
Mención de responsabilidad, etc. Lawrence Sanders ; [traducción, Marta Isabel Guastavino]
250 ## - MENCIÓN DE EDICIÓN
Mención de edición 1ª ed., 6º reimp
260 ## - PUBLICACIÓN, DISTRIBUCIÓN, ETC. (PIE DE IMPRENTA)
Lugar de publicación, distribución, etc. Buenos Aires
Nombre del editor, distribuidor, etc. Emecé
Fecha de publicación, distribución, etc. 1972
300 ## - DESCRIPCIÓN FÍSICA
Extensión 299 p.
Dimensiones 18 cm
490 0# - MENCIÓN DE SERIE
Mención de serie Grandes novelistas
546 ## - NOTA DE LENGUA
Nota de lengua Traducción de: The Anderson tapes
650 24 - PUNTO DE ACCESO ADICIONAL DE MATERIA - TÉRMINO DE MATERIA
9 (RLIN) 17595
Término de materia o nombre geográfico como elemento inicial Novela norteamericana
700 1# - PUNTO DE ACCESO ADICIONAL - NOMBRE DE PERSONA
9 (RLIN) 30948
Nombre de persona Guastavino, Marta I.
942 ## - ENTRADA DE ELEMENTOS AGREGADOS (KOHA)
Fuente de clasificaión o esquema Dewey Decimal Classification
Koha [por defecto] tipo de item 1- Monografias
Parte de clasificación ahoj
Existencias
Suprimido Perdido Fuente de clasificación o esquema Estropeado Restricciones de uso No para préstamo Código de colección Localización permanente Localización actual Localización en estanter&íacute;as Fecha adquisición Fuente de adquisición Número de inventario Préstamos totales Signatura completa Código de barras Fecha última consulta Coste, precio reemplazado Fecha del precio de reemplazo Tipo de item de Koha
NULL NULL Dewey Decimal Classification NULL Prestable NULL NULL Biblioteca Miguel de Cervantes - UNICAES Biblioteca Miguel de Cervantes - UNICAES Sala Principal 11/02/2015 Donación - Romeo Tovar Astorga 027928   N SAN tap 1028338 11/02/2015 24.00 11/02/2015 1- Monografias